00401nam a2200157Ia 4500003000400000008004100004040001600045082001300061100002200074245003400096260004200130300001000172490002400182650001500206650002200221GCL140319s9999 xx 000 0 eng d aGCL / cGCL04a843bM D1 aMAURIAC, FRANCOIS10aDESTINS / cMAURIAC, FRANCOIS a[S.N] : bLE LIVRE DE POCHE ، c1995 a125 P aCOLLECTION FOLIOv004aLITERATURE04aFRENCH LITERATURE